|
|
|
|
| LEADER |
01068nam a2200277 a 4500 |
| 001 |
GR-MES14924 |
| 008 |
090316s2007 r 000 0 eng d |
| 020 |
|
|
|z 0-618-64332-6
|
| 040 |
|
|
|a GrPaTEI
|b gre
|c GR-PaULI
|
| 040 |
|
|
|a GrPaTEI
|b gre
|c GR-PaULI
|
| 044 |
|
|
|a ny
|
| 082 |
|
0 |
|a 512
|2 21
|
| 100 |
1 |
|
|a Larson, Ron
|
| 245 |
1 |
0 |
|a Algebra and trigonometry /
|c Ron Larson, Robert Hostetler with the assistance of David C. Falvo.
|
| 250 |
|
|
|a 7th ed.
|
| 260 |
|
|
|a Boston :
|b Houghton Mifflin Company,
|c c2007
|
| 300 |
|
|
|a xviii, 888σ. :
|b γραφ., πίν., διαγ. ;
|c 24 εκ.
|
| 504 |
|
|
|a Περιλαμβάνει παράρτημα.
|
| 650 |
|
0 |
|a Algebra , Universal
|
| 650 |
|
4 |
|a Άλγεβρα
|
| 700 |
1 |
|
|a Falvo, David C.
|
| 700 |
1 |
|
|a Hostetler, Robert
|
| 942 |
|
|
|2 ddc
|
| 952 |
|
|
|0 0
|1 0
|2 ddc
|4 0
|6 512_000000000000000_LAR
|7 0
|9 272781
|a MSLG
|b MSLG
|c BSC
|d 2021-01-17
|e 24
|f 0
|g 0.00
|l 0
|o 512 LAR
|p 2420000023626
|r 2021-01-17 00:00:00
|t 1
|w 2021-01-17
|y BK15
|x 20090316 0 ΤΣΑΝΤΑΡΛΙΩΤΗ 1
|x GrPaTEI
|
| 971 |
|
|
|a .b25809738
|b 08-10-20
|c 13-09-16
|
| 999 |
|
|
|c 157826
|d 157826
|